|
|
|
|
| LEADER |
00754cam a2200205 7i4500 |
| 001 |
0000068586 |
| 005 |
20220523090000.0 |
| 020 |
|
|
|a 9781108495790 (hardback)
|
| 090 |
0 |
0 |
|a QA274.7
|b .B63 2021
|
| 100 |
1 |
|
|a Bobrowski, Adam
|
| 245 |
1 |
0 |
|a Generators of Markov chains :
|b from a walk in the interior to a dance on the boundary
|c Adam Bobrowski.
|
| 264 |
|
|
|a Cambridge:
|b Cambridge University Press,
|c 2021.
|
| 300 |
|
|
|a 1 online resource (xvii, 260 pages):
|b text file, PDF.
|
| 336 |
|
|
|a text
|2 rdacontent
|
| 337 |
|
|
|a computer
|2 rdamedia
|
| 338 |
|
|
|a online resource
|2 rdacarrier
|
| 650 |
0 |
0 |
|a Markov processes
|
| 655 |
0 |
0 |
|a Electronic books
|
| 856 |
4 |
2 |
|u http://library.unisel.edu.my/web/guest/mylibrary
|
| 999 |
|
|
|a EBO0012709
|b EBOOK
|c EBOOK
|e Electronic resources
|